000 00806nam a2200193Ia 4500
008 151121s9999||||xx |||||||||||||| ||und||
082 _a813/शाळिग्रा
082 _bHNW-113682
100 _aशाळिग्राम सुषमा
245 _aअयोध्येचा रावण आणि लंकेचा राम
260 _b"मेहता पब्लिशिंग हाऊस, पुणे।"
260 _c2011
300 _a126
600 _aशाळिग्राम सुषमा
630 _aअयोध्येचा रावण आणि लंकेचा राम
700 _aशाळिग्राम सुषमा
730 _aअयोध्येचा रावण आणि लंकेचा राम
942 _cBOOK
999 _c1262761
_d1262758